000 00939cam a2200301 a 4500
001 2128
005 20231110113704.0
020 _a0590477625
020 _a9780590477628
040 _aDLC
_cDLC
_dDLC
_beng
050 0 0 _aPZ7.S1185
_bMor 1994
082 0 0 _a793.74
_222
100 1 _aSachar, Louis
_d1954-
245 1 0 _aMore sideways arithmetic from Wayside School /
_cLouis Sachar.
250 _aFirst Scholastic printing, June 2004
260 _aNew York :
_bScholastic,
_c1994
300 _a94 pages :
_c19 cm
500 _a"An Apple paperback."
500 _aSequel to: Sideways arithmetic from Wayside School.
505 _aM
520 _aJoin Mrs. Jewls's class and try solving over fifty math puzzles and brainteasers.
521 _a630
_bLexile
521 _aM
_bRaz-Plus
650 1 _aSchools
_vFiction.
650 1 _aLiterary recreations.
906 _a7
_bcbc
_corignew
_d3
_encip
_f20
_gy-gencatlg
942 _2ddc
_cBK
_n0
999 _c2128
_d2128